Frederick William Ashley papers, (Record no. 44171)
[ view plain ]
| 000 -LEADER | |
|---|---|
| fixed length control field | 01251cpcaa2200301 a 4500 |
| 001 - CONTROL NUMBER | |
| control field | mm 87011221 |
| 003 - CONTROL NUMBER IDENTIFIER | |
| control field | DLC |
| 005 - DATE AND TIME OF LATEST TRANSACTION | |
| control field | 20260227111722.0 |
| 008 - FIXED-LENGTH DATA ELEMENTS--GENERAL INFORMATION | |
| fixed length control field | 870806|||||||||||| eng |
| 010 ## - LIBRARY OF CONGRESS CONTROL NUMBER | |
| LC control number | mm 87011221 |
| 040 ## - CATALOGING SOURCE | |
| Original cataloging agency | DLC |
| Transcribing agency | DLC |
| Description conventions | dacs |
| Modifying agency | DLC |
| 072 #7 - SUBJECT CATEGORY CODE | |
| Subject category code | A |
| Source | lcmd |
| 100 1# - MAIN ENTRY--PERSONAL NAME | |
| Personal name | Ashley, Frederick William, |
| Dates associated with a name | 1863-1942. |
| 245 00 - TITLE STATEMENT | |
| Title | Frederick William Ashley papers, |
| Inclusive dates | 1822-1941 |
| Bulk dates | (bulk 1913-1926). |
| 300 ## - PHYSICAL DESCRIPTION | |
| Extent | 2 |
| Type of unit | items. |
| 300 ## - PHYSICAL DESCRIPTION | |
| Extent | 1 |
| Type of unit | container. |
| 300 ## - PHYSICAL DESCRIPTION | |
| Extent | 0.4 |
| Type of unit | linear feet. |
| 506 0# - RESTRICTIONS ON ACCESS NOTE | |
| Terms governing access | Open to research. |
| 520 8# - SUMMARY, ETC. | |
| Summary, etc. | Diary and scrapbook containing handwritten entries, chronologies, clippings, obituaries, and memorabilia relating to Ashley's career at the Library of Congress and to his personal life. |
| 545 0# - BIOGRAPHICAL OR HISTORICAL DATA | |
| Biographical or historical data | Assistant Librarian of Congress and chief of the Library of Congress Order Division. |
| 546 ## - LANGUAGE NOTE | |
| Language note | Collection material in English. |
| 580 ## - LINKING ENTRY COMPLEXITY NOTE | |
| Linking entry complexity note | Forms part of: Library of Congress Archives. |
| 610 20 - SUBJECT ADDED ENTRY--CORPORATE NAME | |
| Corporate name or jurisdiction name as entry element | Library of Congress. |
| 610 20 - SUBJECT ADDED ENTRY--CORPORATE NAME | |
| Corporate name or jurisdiction name as entry element | Library of Congress |
| General subdivision | Officials and employees. |
| 656 #7 - INDEX TERM--OCCUPATION | |
| Occupation | Librarians. |
| Source of term | itoamc |
No items available.